000 00278nam a2200109Ia 4500
008 200302s9999 xx 000 0 und d
100 _aDora Jane Hamblin & Other
245 _aThe Emergence of Man The First Cities
260 _bTime-Life Inc.
260 _c1973
300 _a160 p.,
999 _c2175
_d2175